00350 2200145 4500001002100000005001500021035002000036245004400056100001300100300001200113260004500125082000800170084001400178990001200192INLIS00000000000232620250528093901 a0010-05250006181 aDari Perangkik Ke Kampuchea /cNH. Dini0 aNH. Dini a436 hlm aJakarta :bGramedia Pustaka Utama,c2005 a813 a813 NH. d a0713401